000 00412nam a2200145Ia 4500
008 151021s9999 xx 000 0 und d
020 _a130136409
050 _aG 155 A1R34 1993
245 _a_a Geography of world tourism milton Rafferty
260 _aNew Jersey Prentice Hall 1993
300 _axii,217p
500 _aIncludes maps
650 _a_Geography,tourism
980 _a^d20110711 03:58:38^okorir
999 _c7770
_d7770